000
00304nam a22001337a 4500
008
171025b xxu||||| |||| 00| 0 eng d
020
_a
9780716757313
041
_a
eng
080
_a
311
100
_a
55
101
_a
STA
245
_a
THE PRACTICE BUSINESS STATISTICS
_c
MOORE.D.S
942
_2
udc
_c
BK
999
_c
35937
_d
35937